Historia 3 (Registro nro. 759)
[ vista simple ]
| 000 -CABECERA | |
|---|---|
| fixed length control field | 01749nam a2200373 a 4500 |
| 003 - CONTROL NUMBER IDENTIFIER | |
| control field | AR-BeUNQ |
| 005 - FECHA Y HORA DE LA ULTIMA TRANSACCION | |
| control field | 20230302192900.0 |
| 007 - CAMPO FIJO DE DESCRIPCION FIJA - INFORMACION GENERAL | |
| fixed length control field | ta |
| 008 - ELEMENTOS DE LONGITUD FIJA-INFORMACION GENERAL | |
| fixed length control field | 221130s2017 ag a f 001 0 spa d |
| 020 ## - NUMERO INTERNACIONAL NORMALIZADO PARA LIBROS | |
| Número Internacional Normalizado del libro | 9789874113245 |
| 040 ## - FUENTE DE CATALOGACION | |
| Agencia de catalogación original | AR-BeUNQ |
| Idioma de catalogación | ESPAÑOL |
| Agencia que realiza la transcripción | AR-BeUNQ |
| Convenciones de la descripción | aacr |
| 082 04 - NUMERO DE CLASIFICACION DECIMAL DEWEYMBER | |
| Número de clasificación | 980 |
| Número de la edición | 21 |
| 245 00 - MENCION DE TITULO | |
| Título | Historia 3 |
| Otra información sobre el título | Argentina, América Latina y el resto del mundo en el largo siglo XIX |
| Mención de responsabilidad, etc | [autoría Aldana Fernández Walker ... et al.] |
| 246 13 - FORMA VARIANTE DEL TITULO | |
| Título propiamente dicho/forma breve del título | Historia tres |
| 250 ## - MENCION DE EDICION | |
| Mención de edición | 1a ed. |
| 260 ## - PUBLICACION, DISTRIBUCION, ETC. | |
| Lugar de publicación, distribución, etc. | Buenos Aires : |
| Nombre del editor, distribuidor, etc. | Estación Mandioca, |
| Fecha de publicación, distribución, etc | 2017 |
| 300 ## - DESCRIPCION FISICA | |
| Extensión | 237 p. : |
| Otros detalles físicos | il. ; |
| Dimensiones | 28 cm. |
| 490 1# - MENCION DE SERIE | |
| Mención de serie | Llaves |
| 648 #4 - ASIENTO SECUNDARIO DE MATERIA - TERMINO CRONOLOGICO | |
| Término cronológico | Siglo XX |
| 651 #7 - ASIENTO SECUNDARIO DE MATERIA - NOMBRE GEOGRAFICO | |
| Nombre geográfico | América Latina |
| Fuente del encabezamiento o término | toit |
| 653 ## - TERMINO DE INDIZACION - NO CONTROLADO | |
| Término de indización no controlado | Historia argentina |
| 700 1# - ASIENTO SECUNDARIO - NOMBRE DE PERSONA | |
| 9 (RLIN) | 3633 |
| Personal name | Fernández Walker, Aldana |
| 929 ## - DATOS DE ADQUISICION | |
| Procedencia | COMPRA |
| Proveedor | Estación Mandioca |
| Orden de compra | Exp. 827-2299/22 |
| Precio | 2800 |
| Fecha de recibido | 20221123 |
| Patrimonio UNQ | PAT0079050 |
| Es copia | 1 |
| Número de inventario | 60175 |
| 929 ## - DATOS DE ADQUISICION | |
| Procedencia | COMPRA |
| Proveedor | Estación Mandioca |
| Orden de compra | Exp. 827-2299/22 |
| Precio | 2800 |
| Fecha de recibido | 20221123 |
| Patrimonio UNQ | PAT0079051 |
| Es copia | 2 |
| Número de inventario | 60176 |
| 929 ## - DATOS DE ADQUISICION | |
| Procedencia | COMPRA |
| Proveedor | Estación Mandioca |
| Orden de compra | Exp. 827-2299/22 |
| Precio | 2800 |
| Fecha de recibido | 20221123 |
| Patrimonio UNQ | PAT0079052 |
| Es copia | 3 |
| Número de inventario | 60177 |
| 929 ## - DATOS DE ADQUISICION | |
| Procedencia | COMPRA |
| Proveedor | Estación Mandioca |
| Orden de compra | Exp. 827-2299/22 |
| Precio | 2800 |
| Fecha de recibido | 20221123 |
| Patrimonio UNQ | PAT0079053 |
| Es copia | 4 |
| Número de inventario | 60178 |
| 929 ## - DATOS DE ADQUISICION | |
| Procedencia | COMPRA |
| Proveedor | Estación Mandioca |
| Orden de compra | Exp. 827-2299/22 |
| Precio | 2800 |
| Fecha de recibido | 20221123 |
| Patrimonio UNQ | PAT0079054 |
| Es copia | 5 |
| Número de inventario | 60179 |
| 929 ## - DATOS DE ADQUISICION | |
| Procedencia | COMPRA |
| Proveedor | Estación Mandioca |
| Orden de compra | Exp. 827-2299/22 |
| Precio | 2800 |
| Fecha de recibido | 20221123 |
| Patrimonio UNQ | PAT0079055 |
| Es copia | 6 |
| Número de inventario | 60180 |
| 929 ## - DATOS DE ADQUISICION | |
| Procedencia | COMPRA |
| Proveedor | Estación Mandioca |
| Orden de compra | Exp. 827-2299/22 |
| Precio | 2800 |
| Fecha de recibido | 20221123 |
| Patrimonio UNQ | PAT0079056 |
| Es copia | 7 |
| Número de inventario | 60181 |
| 929 ## - DATOS DE ADQUISICION | |
| Procedencia | COMPRA |
| Proveedor | Estación Mandioca |
| Orden de compra | Exp. 827-2299/22 |
| Precio | 2800 |
| Fecha de recibido | 20221123 |
| Patrimonio UNQ | PAT0079057 |
| Es copia | 8 |
| Número de inventario | 60182 |
| 929 ## - DATOS DE ADQUISICION | |
| Procedencia | COMPRA |
| Proveedor | Estación Mandioca |
| Orden de compra | Exp. 827-2299/22 |
| Precio | 2800 |
| Fecha de recibido | 20221123 |
| Patrimonio UNQ | PAT0079058 |
| Es copia | 9 |
| Número de inventario | 60183 |
| 929 ## - DATOS DE ADQUISICION | |
| Procedencia | COMPRA |
| Proveedor | Estación Mandioca |
| Orden de compra | Exp. 827-2299/22 |
| Precio | 2800 |
| Fecha de recibido | 20221123 |
| Patrimonio UNQ | PAT0079059 |
| Es copia | 10 |
| Número de inventario | 60184 |
| 942 ## - ELEMENTOS DE PUNTO DE ACCESO ADICIONAL (KOHA) | |
| Tipo de ítem Koha | Libros |
| Suppress in OPAC | 1 |
| Estado de retiro | Estado de pérdida | Ubicación permanente | Ubicación actual | Fecha de ingreso | Total Checkouts | Signatura topográfica completa | Inventario | Date last seen | Número de copia | Tipo de ítem Koha |
|---|---|---|---|---|---|---|---|---|---|---|
| Biblioteca ESET - UNQ | Biblioteca ESET - UNQ | 30/11/2022 | 980 HIS | 60175 | 02/03/2023 | 1 | Libros | |||
| Biblioteca ESET - UNQ | Biblioteca ESET - UNQ | 30/11/2022 | 980 HIS | 60176 | 02/03/2023 | 2 | Libros | |||
| Biblioteca ESET - UNQ | Biblioteca ESET - UNQ | 30/11/2022 | 980 HIS | 60177 | 02/03/2023 | 3 | Libros | |||
| Biblioteca ESET - UNQ | Biblioteca ESET - UNQ | 30/11/2022 | 980 HIS | 60178 | 02/03/2023 | 4 | Libros | |||
| Biblioteca ESET - UNQ | Biblioteca ESET - UNQ | 30/11/2022 | 980 HIS | 60179 | 02/03/2023 | 5 | Libros | |||
| Biblioteca ESET - UNQ | Biblioteca ESET - UNQ | 30/11/2022 | 980 HIS | 60180 | 02/03/2023 | 6 | Libros | |||
| Biblioteca ESET - UNQ | Biblioteca ESET - UNQ | 30/11/2022 | 980 HIS | 60181 | 02/03/2023 | 7 | Libros | |||
| Biblioteca ESET - UNQ | Biblioteca ESET - UNQ | 30/11/2022 | 980 HIS | 60182 | 02/03/2023 | 8 | Libros | |||
| Biblioteca ESET - UNQ | Biblioteca ESET - UNQ | 30/11/2022 | 980 HIS | 60183 | 02/03/2023 | 9 | Libros | |||
| Biblioteca ESET - UNQ | Biblioteca ESET - UNQ | 30/11/2022 | 980 HIS | 60184 | 02/03/2023 | 10 | Libros |